Amending a commercial lease (Record no. 106052)
[ view plain ]
| 000 -LEADER | |
|---|---|
| fixed length control field | 01644cam a2200265 4500 |
| 001 - CONTROL NUMBER | |
| control field | L135421 |
| 008 - FIXED-LENGTH DATA ELEMENTS--GENERAL INFORMATION | |
| fixed length control field | 061025n2006 000 0 eng u |
| 020 ## - INTERNATIONAL STANDARD BOOK NUMBER | |
| International Standard Book Number | 9781845922351 |
| -- | 1845922352 |
| 035 ## - SYSTEM CONTROL NUMBER | |
| System control number | (Sirsi) u135421 |
| 050 04 - LIBRARY OF CONGRESS CALL NUMBER | |
| Classification number | 346.4104343 $2 18 |
| 100 1# - MAIN ENTRY--PERSONAL NAME | |
| Personal name | Bamford, Karl |
| 245 00 - TITLE STATEMENT | |
| Title | Amending a commercial lease |
| 250 ## - EDITION STATEMENT | |
| Edition statement | 3rd ed. |
| 260 ## - PUBLICATION, DISTRIBUTION, ETC. | |
| Place of publication, distribution, etc. | Haywards Heath |
| Name of publisher, distributor, etc. | Tottel |
| Date of publication, distribution, etc. | 2006 |
| 300 ## - PHYSICAL DESCRIPTION | |
| Extent | xxxvi, 223p |
| Dimensions | 24cm. |
| 350 ## - PRICE (NR) (BK AM CF MU VM SE) [OBSOLETE] | |
| Price | 75.00 |
| 505 2# - FORMATTED CONTENTS NOTE | |
| Formatted contents note | Definitions and interpretation -- Demise -- The tenant's covenants -- The landlord's covenants -- Insurance -- Guarantee provisions -- Forfeiture -- Miscellaneous -- Schedule one: the premises -- Schedule twol: the rights granted -- Schedule three: the rights reserved -- Schedule four: The rent and rent review -- Schedule five: The office covenants -- Schedule six: The service charge and services -- Schedule seven: The subjections -- Schedule eight: The authorised guarantee agreement. |
| 520 ## - SUMMARY, ETC. | |
| Summary, etc. | Provides an understanding of commercial leasing in the UK. Offers guidance on how to give practical advice, how to identify potential amendments and how to negotiate the best possible lease terms for a client. On one page the standard lease terms are set out in full with suggested amendments and additional clauses, and on the opposite page is the relevant commentary. |
| 520 ## - SUMMARY, ETC. | |
| Summary, etc. | Superceds 2nd edition. |
| 590 ## - LOCAL NOTE (RLIN) | |
| Local note | KA |
| 651 #4 - SUBJECT ADDED ENTRY--GEOGRAPHIC NAME | |
| Geographic name | England and Wales |
| Chronological subdivision | 1543- |
| 690 ## - LOCAL SUBJECT ADDED ENTRY--TOPICAL TERM (OCLC, RLIN) | |
| Topical term or geographic name as entry element | PROPERTY-COMMERCIAL PROPERTY-COMMERCIAL LANDLORD AND TENANT-COMMERCIAL LEASES |
| 690 ## - LOCAL SUBJECT ADDED ENTRY--TOPICAL TERM (OCLC, RLIN) | |
| Topical term or geographic name as entry element | PROPERTY-COMMERCIAL PROPERTY-COMMERCIAL LANDLORD AND TENANT-COMMERCIAL SERVICE CHARGES |
| 942 ## - ADDED ENTRY ELEMENTS (KOHA) | |
| Suppress in OPAC | 0 |
| Withdrawn status | Lost status | Source of classification or shelving scheme | Damaged status | Not for loan | Home library | Current library | Shelving location | Date acquired | Cost, normal purchase price | Total Checkouts | Full call number | Barcode | Date last seen | Date last checked out | Copy number | Cost, replacement price | Price effective from | Koha item type |
|---|---|---|---|---|---|---|---|---|---|---|---|---|---|---|---|---|---|---|
| Dewey Decimal Classification | London | London | Basement | 14/02/2007 | 78.00 | 7 | RESERVE | 30073653 | 06/08/2019 | 23/12/2008 | 1 | 78.00 | 06/08/2019 | Book |